Autonómny riadiaci systém pohyblivých robotov - subsystém navigácie

Guardado en:
Detalles Bibliográficos
Autor principal: Mihálik, Slavomír, 1985- (Autor)
Otros Autores: Hantuch, Igor, 1948- (Orientador)
Formato: Manuscrito Libro
Lenguaje:eslovaco
Publicado: Bratislava : STU v Bratislave FEI, 2010
Materias:
Acceso en línea:VAIS
Etiquetas: Agregar Etiqueta
Sin Etiquetas, Sea el primero en etiquetar este registro!

MARC

LEADER 00000ntm a22000003a 4500
001 stu209092
005 20150617230103.8
008 100818s2010------------------------slo-d
040 |a STU  |b slo 
041 0 |a slo 
100 1 |a Mihálik, Slavomír,  |d 1985-  |4 aut  |u E  |T FEI Fakulta elektrotechniky a informatiky  |X 23376  |U E  |Y 30  |7 A000023376 
242 0 0 |a AUTONOMOUS CONTROL SYSTEM MOVABLE ROBOTS – SUBSYSTEM NAVIGATION  |y eng 
245 1 |a Autonómny riadiaci systém pohyblivých robotov - subsystém navigácie 
260 |a Bratislava :  |b STU v Bratislave FEI,  |c 2010 
300 |a 65 s 
650 7 |a riadiaci systém  |2 stusub 
650 7 |a PDA  |2 stusub 
650 7 |a PDA  |2 stusub 
650 7 |a control system  |2 estusub 
650 7 |a automatizácia  |2 stusub 
650 7 |a robotika  |2 stusub 
650 7 |a mobilné roboty  |2 stusub 
650 7 |a adaptívna navigácia  |2 stusub 
650 7 |a riadiace systémy  |2 stusub 
700 1 |a Hantuch, Igor,  |d 1948-  |4 ths  |u E1110  |U FEI Ústav robotiky a kybernetiky  |T FEI Automatizácia a regulácia  |X 4943  |U E1110  |Y 57  |7 A000004943 
856 4 |a info a plný text  |u http://is.stuba.sk/zp/portal_zp.pl?podrobnosti=61570  |3 VAIS